| 000 | 01096nam a2200253 a 4500 | ||
|---|---|---|---|
| 005 | 20240514125603.0 | ||
| 008 | 101001s2005||||sp a f |||| 001 0 spa d | ||
| 020 | _a8445813161 | ||
| 041 | _aspa | ||
| 092 |
_c611 _l75 _sROU |
||
| 100 | 1 |
_aRouviere, Henri _974 |
|
| 245 |
_aAnatomía Humana. Descriptiva, topográfica y funcional. _bT.4 Sistema Nervioso Central, Vias y Centros Nerviosos / _cHenri Rouviere. |
||
| 250 |
_a11a ed. en español _bTraducción Victor Götzens García. Edición revisada por Vincent Delmas |
||
| 260 |
_aBarcelona: _bMasson; _c2005. |
||
| 300 |
_a408 p. _bil. |
||
| 500 | _aRouviere, H. y Delmas, A. (2005). Anatomía Humana. Descriptiva, topográfica y funcional. T.4 Sistema Nervioso Central, vías y centros nerviosos. (11a ed.). Barcelona : Masson. | ||
| 653 | _aAnatomía descriptiva del sistema nervioso central | ||
| 653 | _aSistema nervioso autónomo | ||
| 653 | _aMeninges y vasos del sistema nervioso central | ||
| 653 | _aAnatomía funcional del sistema nervioso central | ||
| 700 | 1 |
_aDelmas, André _91802 |
|
| 930 | _a2615 | ||
| 942 |
_2ddc _cBK _01 |
||
| 999 |
_c1092 _d1092 |
||